| 000 | 00527nam a2200217Ia 4500 | ||
|---|---|---|---|
| 001 | 17119 | ||
| 003 | AR-BaAGN | ||
| 005 | 20231116141611.0 | ||
| 007 | ta | ||
| 008 | 211213s1931 ag |||||||||||||| ||spa d | ||
| 040 |
_dAR-BaAGN _aAR-BaAGN _bspa _eaacr |
||
| 100 | _aGonzález, Teodosio | ||
| 245 | 1 | 0 | _aInfortunios del Paraguay |
| 260 |
_aBuenos Aires : _bRosso, _c1931. |
||
| 300 | _a574 páginas | ||
| 336 |
_2rdacontent _btxt |
||
| 337 |
_2rdamedia _bn |
||
| 338 |
_2rdacarrier _bnc |
||
| 942 | _cLIBRO | ||
| 999 |
_c17119 _d17119 |
||